00525nam a22001817a 450000500170000001000150001702000260003203500140005803700160007208200060008810000200009424500820011426000240019627000660022030000230028670000170030970000170032620220830105817.0 aENG-134775 a9788179261415c299.00 aEN-118307 bDBAD/PUBa- aN aGERTOPAN,SUSANA aThe Dark AlleycSusana Gertopan and translated by Subrata Guha ,Sonali Datta  aKolkatabBest Books a1A College Row,,15 wards institution street bkolkatae700006 a215 p.c21 cm(pbk) aSubrata Guhu aSonali Dutta